Fundamentos de ortopedia clínica / (Registro nro. 41411)

Detalles MARC
000 -LEADER
campo de control de longitud fija 00758nam a2200217 i 4500
001 - NÚMERO DE CONTROL
campo de control 41411
003 - IDENTIFICADOR DE NÚMERO DE CONTROL
campo de control ES-MaACL
005 - FECHA Y HORA DE LA ÚLTIMA TRANSACCIÓN
campo de control 20230906160427.0
007 - CAMPO FIJO DE DESCRIPCIÓN FÍSICA--INFORMACIÓN GENERAL
campo de control de longitud fija t|
008 - DATOS DE LONGITUD FIJA--INFORMACIÓN GENERAL
campo de control de longitud fija 030310s1955 sp ||||1| spa d
100 1# - ENTRADA PRINCIPAL--NOMBRE DE PERSONA
Nombre de persona Casagrande, Petter A.
9 (RLIN) 36032
245 10 - MENCIÓN DEL TÍTULO
Título Fundamentos de ortopedia clínica /
Mención de responsabilidad, etc. por Petter A. Casagrande y Harold M. Frost ; prólogos e Joseph S. Barr y Frank N. Potts ; traducción revisada por P. Barceló.
250 ## - MENCION DE EDICION
Mención de edición 1ª ed.
260 ## - PUBLICACIÓN, DISTRIBUCIÓN, ETC.
Lugar de publicación, distribución, etc. Barcelona :
Nombre del editor, distribuidor, etc. Salvat,
Fecha de publicación, distribución, etc. 1955 (
Fabricante Imp. Hispano-Americana)
300 ## - DESCRIPCIÓN FÍSICA
Extensión XXIV, 786 p. :
Otras características físicas il. ;
Dimensiones 1955.
650 #4 - PUNTO DE ACCESO ADICIONAL DE MATERIA--TÉRMINO DE MATERIA
Término de materia o nombre geográfico como elemento de entrada Ortopedia.
9 (RLIN) 152852
700 1# - ENTRADA AGREGADA--NOMBRE PERSONAL
Nombre de persona Frost, Harold M.
9 (RLIN) 52751
700 1# - ENTRADA AGREGADA--NOMBRE PERSONAL
Nombre de persona Barr, Joseph S.
9 (RLIN) 25803
700 1# - ENTRADA AGREGADA--NOMBRE PERSONAL
Nombre de persona Potts, Frank N.
9 (RLIN) 93402
852 ## - LOCALIZACIÓN
Ubicación ES-MaACL
Número de control de estantería E-1714
Sublocalización o colección R.38660
Existencias
Estatus retirado Estado de pérdida Estado de daño No para préstamo Biblioteca de origen Biblioteca actual Ubicación en estantería Fecha de adquisición Fuente de adquisición Total de préstamos Signatura topográfica completa Código de barras Visto por última vez Precio de reemplazo Tipo de ítem Koha
        Biblioteca del Ateneo de Madrid Biblioteca del Ateneo de Madrid Depósito 2 17/01/2008     E-1714 1043596 23/02/2023 23/02/2023 Libro impreso